Effectif AS Roma saison 25/26 - Statistiques

Statistiques générales
  • Ce quiz a été pris 35 fois
  • Le résultat moyen est 17 sur 25
Statistiques - réponses
Hint Réponse % Correct
BU Artem Dovbyk
94%
DC Gianluca Mancini
91%
MC Manu Koné
91%
MOC Lorenzo Pellegrini
88%
MDC Bryan Cristante
84%
DC Evan Ndicka
84%
G Mile Svilar
84%
DG Angelino
78%
AD Matias Soulé
78%
BU Paulo Dybala
78%
AG Stephan El Shaarawy
78%
DD Zeki Celik
78%
DD Wesley
75%
BU Evan Ferguson
66%
DC Mario Hermoso
66%
MC Niccolo Pisilli
59%
MC Neil El Aynaoui
56%
DD Devyne Rensch
53%
DC Daniele Ghilardi
47%
AD Leon Bailey
47%
G Pierluigi Gollini
47%
MOC Tommaso Baldanzi
47%
DG Konstantinos Tsimikas
44%
DC Jan Ziolkowski
34%
G Devis Vasquez
28%
Aucun quiz correspondant
Distribution des résultats
% des personnes avec chaque résultat
Percentile par nombre de réponses
Votre historique - résultats
Vous n’avez pas pris ce quiz